000 00946nam a22002537a 4500
005 2012121407467.0
008 121214t xxu||||| |||| 00| 0 eng d
010 _aENG-106447
020 _a9788178359311
_c950.00
035 _aEN-89980
037 _bDBAD/PUB
040 _aDPL
_bEng
082 _a320.954167
100 _954337
245 _aPolitics , society and development :
_cedited by Mohammad Yasin [and] Durga P. Chhetri
_binsights from Sikkim /
260 _aDelhi
_bKalpaz Publications
_c2012
270 _aC-30, Satyawati Nagar
_bDelhi
_e110052
300 _a323p.
_c23cm(Hb)
500 _aIncludes bibliographical references and index
700 _aMohammad Yasin
_954341
700 _aChhetri, Durga P.
_954342
942 _2ddc
_cEN
_h320.954167
_mPOL
999 _c72183
_d72183